000 00637cam a2200229 4500500
005 20260329001240.0
041 _afre
042 _adc
100 1 0 _aMonteil, Pierre-Olivier
_eauthor
245 0 0 _aAssumez la contingence de vos décisions !
260 _c2023.
500 _a87
690 _aAutorité
690 _aCommunication
690 _aDécision
690 _aLeadership
690 _aManagement
690 _aPhilosophes
690 _aTravail
786 0 _nPhilonomist | - | 2 | 2023-02-17 | p. 25-29
856 4 1 _uhttps://shs.cairn.info/magazine-philonomist-2023-2-page-25?lang=fr&redirect-ssocas=7080
999 _c1803507
_d1803507